|
|
|
|
| LEADER |
01056nam a2200253 a 4500 |
| 001 |
00011177 |
| 003 |
BD-DhAAL |
| 008 |
091108s1989 nyua b 001 0 eng d |
| 010 |
|
|
|a 89015229
|
| 020 |
|
|
|a 0887303447
|
| 040 |
|
|
|a DLC
|c DLC
|d DLC
|d BD-DhAAL
|
| 082 |
0 |
0 |
|a 336.3435
|2 20
|
| 245 |
0 |
0 |
|a Solving the global debt crisis :
|b strategies and controversies by key stakeholders /
|c edited by Christine A. Bogdanowicz-Bindert.
|
| 260 |
|
|
|a New York :
|b Harper & Row,
|c c1989.
|
| 300 |
|
|
|a xxi, 249 p. :
|b ill. ;
|c 24 cm
|
| 490 |
0 |
|
|a The Institutional investor series in finance
|
| 504 |
|
|
|a Includes bibliographical references and index.
|
| 541 |
1 |
|
|e 00011177
|
| 650 |
|
0 |
|a Debts, External
|z Developing countries.
|
| 700 |
2 |
|
|a Bogdanowicz-Bindert, Christine A.
|9 57925
|
| 852 |
4 |
|
|a Ayesha Abed Library
|c General Stacks
|
| 942 |
|
|
|2 ddc
|c BK
|
| 999 |
|
|
|c 5728
|d 5728
|
| 952 |
|
|
|0 0
|1 0
|2 ddc
|4 0
|6 336_343500000000000_SOL
|7 0
|9 5662
|a BRACUL
|b BRACUL
|c GEN
|d 2009-11-21
|g 0.00
|l 0
|o 336.3435 SOL
|p 3010011177
|r 2009-11-21
|t 1
|w 2009-11-21
|y BK
|x No price found in the accession register.
|